[Event "Agneaux St Lo FIDE 06th"]
[Site "Agneaux"]
[Date "2002.07.16"]
[Round "8"]
[White "Gjoka, Genc"]
[Black "Didierjean, Tristan"]
[Result "1/2-1/2"]
[WhiteElo "2060"]
[BlackElo "1980"]
[PlyCount "25"]
[EventDate "2002.07.09"]
[EventType "tourn"]
[EventRounds "9"]
[EventCountry "FRA"]
[SourceTitle "EXT 2003"]
[Source "ChessBase"]
[SourceDate "2002.11.25"]
[SourceVersion "1"]
[SourceVersionDate "2002.11.25"]
[SourceQuality "1"]

1. c4 e5 2. Nc3 d6 3. Nf3 Nf6 4. g3 c6 5. d3 h6 6. Bg2 Be6 7. 0-0 Be7 8. Rb1 Nbd7 9. b4 a5 10. b5 c5 11. Ne1 Rb8 12. Nc2 Nb6 13. a4 1/2-1/2

[Event "Agneaux St Lo FIDE 06th"]
[Site "Agneaux"]
[Date "2002.07.14"]
[Round "6"]
[White "Gjoka, Genc"]
[Black "Lelong, Eric"]
[Result "1-0"]
[WhiteElo "2060"]
[BlackElo "2010"]
[PlyCount "81"]
[EventDate "2002.07.09"]
[EventType "tourn"]
[EventRounds "9"]
[EventCountry "FRA"]
[SourceTitle "EXT 2003"]
[Source "ChessBase"]
[SourceDate "2002.11.25"]
[SourceVersion "1"]
[SourceVersionDate "2002.11.25"]
[SourceQuality "1"]

1. Nf3 d5 2. d4 Nf6 3. g3 g6 4. Bg2 Bg7 5. c4 c6 6. Nc3 0-0 7. cxd5 cxd5 8. 0-0 Ne4 9. Nxe4 dxe4 10. Ne5 Bxe5 11. dxe5 Qxd1 12. Rxd1 Bf5 13. Bh6 Re8 14. h3 Nc6 15. g4 Be6 16. Bf4 e3 17. Bxe3 Nxe5 18. Bxb7 Rab8 19. Ba6 Nc4 20. Bxc4 Bxc4 21. b3 Bxe2 22. Re1 Bf3 23. Bxa7 Rb7 24. Bc5 e6 25. Re3 Bd5 26. b4 Ra8 27. a4 Ra6 28. g5 Rb8 29. Rea3 Rc6 30. a5 Ra6 31. Bb6 Bc6 32. Rc1 Bd5 33. Rac3 Rbxb6 34. axb6 Rxb6 35. Rc8+ Kg7 36. Rd8 Rxb4 37. Rcc8 Rb1+ 38. Kh2 Rh1+ 39. Kg3 Rg1+ 40. Kh4 Rxg5 41. Kxg5 1-0

[Event "FRA-chT4 0001"]
[Site "Niort"]
[Date "2001.04.01"]
[Round "9"]
[White "Gjoka, Genc"]
[Black "Zegadi, Stephane"]
[Result "1-0"]
[WhiteElo "1920"]
[BlackElo "1450"]
[PlyCount "69"]
[EventDate "2000.10.15"]
[EventType "team"]
[EventRounds "7"]
[EventCountry "FRA"]
[SourceTitle "EXT 2007"]
[Source "ChessBase"]
[SourceDate "2006.11.23"]
[SourceVersion "1"]
[SourceVersionDate "2006.11.23"]
[SourceQuality "1"]

1. f4 d5 2. Nf3 Nf6 3. e3 Bg4 4. b3 e6 5. Bb2 Nbd7 6. Be2 Be7 7. 0-0 0-0 8. Ne5 Bxe2 9. Qxe2 c5 10. d3 Nxe5 11. fxe5 Nd7 12. Qg4 Qc7 13. Qg3 d4 14. exd4 cxd4 15. Bxd4 Bc5 16. c3 Bxd4+ 17. cxd4 Qc2 18. Na3 Qb2 19. Nb5 a6 20. Rfb1 Qd2 21. Nd6 Qb4 22. Qe3 Nb6 23. Rc1 Nd5 24. Qf2 Nc3 25. Kh1 Nb5 26. Rc4 Qa5 27. Ne4 Rad8 28. Rf1 Rd7 29. d5 Qd8 30. Nf6+ gxf6 31. exf6 Kh8 32. Rh4 Rg8 33. Rxh7+ Kxh7 34. Qh4+ Kg6 35. Rf3 1-0

[Event "FRA-chT4 0001"]
[Site "Niort"]
[Date "2000.??.??"]
[Round "4"]
[White "Topouria, Kako"]
[Black "Gjoka, Genc"]
[Result "1-0"]
[WhiteElo "1949"]
[BlackElo "1920"]
[PlyCount "99"]
[EventDate "2000.10.15"]
[EventType "team"]
[EventRounds "7"]
[EventCountry "FRA"]
[SourceTitle "EXT 2007"]
[Source "ChessBase"]
[SourceDate "2006.11.23"]
[SourceVersion "1"]
[SourceVersionDate "2006.11.23"]
[SourceQuality "1"]

1. b4 e5 2. Bb2 d6 3. e3 Nf6 4. Nf3 Be7 5. Bc4 d5 6. Bb3 e4 7. Ne5 Bxb4 8. c4 0-0 9. cxd5 Nxd5 10. Qh5 Be6 11. Ng4 Bxg4 12. Qxg4 Nf6 13. Qe2 Nc6 14. 0-0 Bd6 15. f3 Be5 16. Nc3 Qd3 17. Qxd3 exd3 18. g4 Na5 19. Rac1 Nxb3 20. axb3 h6 21. Ba3 Rfd8 22. Kf2 c6 23. h4 Nd5 24. Ne4 a5 25. f4 Bc7 26. Kf3 a4 27. b4 Bb6 28. h5 Nc7 29. g5 hxg5 30. Nxg5 Nb5 31. Bb2 Rd6 32. Rg1 Rh6 33. Ne4 f6 34. Nxf6+ Kf7 35. Nd7 Bd8 36. Rxg7+ Ke8 37. Rc5 Be7 38. Re5 Kxd7 39. Rexe7+ Kd8 40. Rxb7 Kc8 41. Rbf7 Rh8 42. h6 a3 43. Ba1 Nd6 44. Rc7+ Kb8 45. h7 Ne8 46. Rb7+ Kc8 47. Rg8 Kxb7 48. Bxh8 Nd6 49. Be5 Nf7 50. Rg7 1-0